| 000 | 00391cam a22001217a 4500 | ||
|---|---|---|---|
| 008 | 180718b1945 xxu||||| |||| 00| 0 eng d | ||
| 082 | _aA99 J132/ Seh34 | ||
| 100 | _aSchlesinger,M. | ||
| 245 |
_aAge of Jackson _cby M. Schlessinger |
||
| 260 |
_aBostan _bNew American Libraray _c1945 |
||
| 300 | _a192p | ||
| 650 | _aJackson, Andrew, 1767-1845. United States -Politics and government -1829-1837. | ||
| 999 |
_c415081 _d415081 |
||